Vývoj právnej ochrany počítačových programov na Slovensku (v Európe a USA)
Tvorba počítačových programov zamestnancom ako plnenie povinností vyplývajúcich z pracovného pomeru alebo z obdobného pracovnoprávneho vzťahu. Dôležité náležitosti v pracovnej zmluve medzi zamestnancom-programátorom a zamestnávateľom. Právna úprava autorských práv - novela č. 234/2000 Z.z. Autorskéh...
Saved in:
| Main Author: | |
|---|---|
| Format: | Book Chapter |
| Language: | Slovak |
| Subjects: | |
| Tags: |
No Tags, Be the first to tag this record!
|
MARC
| LEADER | 00000naa a2200000 4500 | ||
|---|---|---|---|
| 001 | r042045 | ||
| 005 | 20230529124759.6 | ||
| 041 | 0 | |a slo | |
| 044 | |a SK | ||
| 245 | 1 | 0 | |a Vývoj právnej ochrany počítačových programov na Slovensku (v Európe a USA) |c Daniela Gregušová |
| 520 | |a Tvorba počítačových programov zamestnancom ako plnenie povinností vyplývajúcich z pracovného pomeru alebo z obdobného pracovnoprávneho vzťahu. Dôležité náležitosti v pracovnej zmluve medzi zamestnancom-programátorom a zamestnávateľom. Právna úprava autorských práv - novela č. 234/2000 Z.z. Autorského zákona - platná od 1.8.2000. | ||
| 610 | 2 | 0 | |a právo autorské |
| 610 | 2 | 0 | |a zamestnávatelia |
| 610 | 2 | 0 | |a zamestnanci |
| 610 | 2 | 0 | |a zmluvy pracovné |
| 610 | 2 | 0 | |a úpravy právne |
| 610 | 2 | 0 | |a Slovensko |
| 100 | 1 | |a Gregušová, Daniela | |